Animal farm /

George Orwell's famous satire of the Soviet Union, in which "all animals are equal but some animals are more equal than others." A satire on totalitarianism in which farm animals overthrow their human owner and set up their own government.

Bibliographic Details
Main Author: Orwell, George, 1903-1950
Format: Book
Language:English
Published: San Diego : Harcourt Brace Jovanovich, [1990]
Series:HBJ modern classic.
Subjects:
Online Access:Contributor biographical information
Publisher description

MARC

Tag First Indicator Second Indicator Subfields
LEADER 00000cam a2200000 a 4500
001 in00001047521
005 20150929084415.0
008 900427s1990 caua 000 1 eng
010 |a  90036180  
019 |a 34774241  |a 793177898 
020 |a 0151072558 
020 |a 9780151072552 
035 |a (OCoLC)ocm21600973 
035 |a (OCoLC)21600973 
035 |9 AFK5857AM 
035 |a (OCoLC)21600973  |z (OCoLC)34774241  |z (OCoLC)793177898 
040 |a DLC  |b eng  |c DLC  |d BAKER  |d XY4  |d BTCTA  |d YDXCP  |d GZR  |d OCLCQ  |d BDX  |d OCLCO  |d P4I  |d OCLCQ  |d ZCU  |d OCLCO  |d UtOrBLW 
049 |a TXAM 
050 0 0 |a PR6029.R8  |b A63 1990 
082 0 0 |a 823/.912  |2 20 
100 1 |a Orwell, George,  |d 1903-1950. 
245 1 0 |a Animal farm /  |c George Orwell ; illustrated by Joy Batchelor and John Halas. 
264 1 |a San Diego :  |b Harcourt Brace Jovanovich,  |c [1990] 
300 |a 124 pages :  |b illustrations ;  |c 21 cm. 
336 |a text  |b txt  |2 rdacontent 
337 |a unmediated  |b n  |2 rdamedia 
338 |a volume  |b nc  |2 rdacarrier 
490 1 |a An HBJ modern classic 
520 |a George Orwell's famous satire of the Soviet Union, in which "all animals are equal but some animals are more equal than others." A satire on totalitarianism in which farm animals overthrow their human owner and set up their own government. 
650 0 |a Domestic animals  |v Fiction. 
650 0 |a Totalitarianism  |v Fiction. 
655 0 |a Political fiction. 
655 0 |a Satire. 
655 7 |a Fables.  |2 gsafd 
655 7 |a Political fiction.  |2 lcgft 
655 7 |a Satire.  |2 lcgft 
776 0 8 |i Online version:  |a Orwell, George, 1903-1950.  |t Animal farm.  |d San Diego : Harcourt Brace Jovanovich, [1990]  |w (OCoLC)644129266 
830 0 |a HBJ modern classic. 
856 4 2 |3 Contributor biographical information  |u http://catdir.loc.gov/catdir/enhancements/fy1003/90036180-b.html  |t 0 
856 4 2 |3 Publisher description  |u http://catdir.loc.gov/catdir/description/har041/90036180.html  |t 0 
994 |a C0  |b TXA 
999 |a MARS 
999 f f |s 9ba26139-2fcc-32b1-b9ad-14293d235ec1  |i 75c464e4-cc2d-3eeb-adb4-b4431c209a30  |t 0 
952 f f |p normal  |a Texas A&M University  |b Galveston Campus  |c Jack K. Williams Library  |s galv stk  |d Galveston Stacks  |t 0  |e PR6029.R8 A63  |g 1990  |h Library of Congress classification  |i unmediated -- volume  |m 33620001238266 
952 f f |p normal  |a Texas A&M University  |b College Station  |c Sterling C. Evans Library  |s Evans stk  |d Evans: Library Stacks  |t 0  |e PR6029.R8 A63 1990  |h Library of Congress classification  |i unmediated -- volume  |m A14815703199 
952 f f |p normal  |a Texas A&M University  |b College Station  |c Sterling C. Evans Library  |s Evans stk  |d Evans: Library Stacks  |t 0  |e PR6029.R8 A63 1990  |h Library of Congress classification  |i unmediated -- volume  |m A14842767106 
998 f f |a PR6029.R8 A63  |t 0  |l Galveston Stacks 
998 f f |a PR6029.R8 A63 1990  |t 0  |l Evans: Library Stacks 
998 f f |a PR6029.R8 A63 1990  |t 0  |l Evans: Library Stacks